Name the Flower Multiple Choice Quiz Stats

 Plays Quiz not verified by Sporcle

Challenge
Share
Tweet
Score 0/46 Timer 08:00
0 Plays Today
% Correct
Lily
95%
Tulip
87.4%
Lavender
85.7%
Rose
85.7%
Peony
84.9%
Daffodil
84.9%
Poppy
84.9%
Orchid
84%
Daisy
83.2%
Carnation
83.2%
Hydrangea
82.4%
Baby's Breath
79.8%
Iris
79.8%
Lily of the Valley
79%
Hyacinth
78.2%
Sunflower
78.2%
Lilac
77.3%
Gardenia
73.9%
Hibiscus
73.9%
Foxglove
73.9%
Black Eyed Susan
73.1%
Bird of Paradise
73.1%
Begonia
72.3%
% Correct
Aster
71.4%
Azalea
70.6%
Poinsettia
70.6%
Snapdragon
69.7%
Dandelion
68.9%
Dahlia
68.1%
Buttercup
67.2%
Valerian
67.2%
Chamomile
66.4%
Camellia
65.5%
Zinnia
64.7%
Primrose
64.7%
Gladiola
63.9%
Freesia
63%
Larkspur
58.8%
Sweet Pea
58.8%
Honeysuckle
58.8%
Pansy
58.8%
Marigold
58%
Calla Lily
57.1%
Petunia
57.1%
Magnolia
55.5%
Geranium
53.8%

You're not logged in!

Compare scores with friends on all Sporcle quizzes.
Join for Free
OR
Log In

You Might Also Like...

Show Comments

Extras

Created Apr 25, 2016SourceReportNominate
Tags:flower

Top Quizzes Today


Score Distribution

Your Account Isn't Verified!

In order to create a playlist on Sporcle, you need to verify the email address you used during registration. Go to your Sporcle Settings to finish the process.

Report this User

Report this user for behavior that violates our Community Guidelines.

Details: